00241nam a2200085Ia 450000100070000000500170000700800410002424500680006526000220013368325420250826161434.0250824s9999 xx 000 0 und d 0aYA BEN İSTANBULU ALACAĞIM YADA İSTANBUL BENİcAYLA ABAK bEVEREST YAYINLARI